Recuerdo y homenaje a Federico García Lorca en su centenario 1898-1988 / (Record no. 71740)
[ view plain ]
| 000 -LEADER | |
|---|---|
| fixed length control field | 01212cam a2200241 4500 |
| 008 - FIXED-LENGTH DATA ELEMENTS--GENERAL INFORMATION | |
| fixed length control field | 090319t1999 ag a 000 0 spa u |
| 020 ## - INTERNATIONAL STANDARD BOOK NUMBER | |
| International Standard Book Number | 9879702069 |
| 050 04 - LIBRARY OF CONGRESS CALL NUMBER | |
| Classification number | PQ6613.A763 |
| Item number | S56 1999 |
| 111 2# - MAIN ENTRY--MEETING NAME | |
| Meeting name or jurisdiction name as entry element | Simposio Recuerdo y Homenaje a Federico García Lorca |
| Date of meeting | (11 y 12 de Junio de 1998 : |
| Location of meeting | Universidad Nacional de Cuyo, Argentina) |
| 245 10 - TITLE STATEMENT | |
| Title | Recuerdo y homenaje a Federico García Lorca en su centenario 1898-1988 / |
| Statement of responsibility, etc | Editor Gladys Granata de Egues |
| 250 ## - EDITION STATEMENT | |
| Edition statement | 1a ed. |
| 260 ## - PUBLICATION, DISTRIBUTION, ETC. (IMPRINT) | |
| Place of publication, distribution, etc | Mendoza : |
| Name of publisher, distributor, etc | Fundar, |
| Date of publication, distribution, etc | c1999 |
| 300 ## - PHYSICAL DESCRIPTION | |
| Extent | 263 p. |
| Other physical details | il. ; |
| Dimensions | 22 cm. |
| 500 ## - GENERAL NOTE | |
| General note | Simposio organizado por el Grupo de Estudios de la Crítica Literaria de la Facultad de Filosofía y Letras de la Universidad de Cuyo en Mendoza, Argentina el 11 y 12 de Junio de 1988 |
| 600 14 - SUBJECT ADDED ENTRY--PERSONAL NAME | |
| Personal name | García Lorca, Federico, |
| Dates associated with a name | 1898-1936 |
| Form subdivision | Homenaje |
| 600 14 - SUBJECT ADDED ENTRY--PERSONAL NAME | |
| Personal name | García Lorca, Federico, |
| Dates associated with a name | 1898-1936 |
| General subdivision | Crítica literaria |
| 650 #7 - SUBJECT ADDED ENTRY--TOPICAL TERM | |
| Topical term or geographic name as entry element | Literatura española |
| Chronological subdivision | Siglo XX |
| Source of heading or term | Lemb |
| 650 #7 - SUBJECT ADDED ENTRY--TOPICAL TERM | |
| Topical term or geographic name as entry element | Poetas españoles |
| Chronological subdivision | Siglo XX |
| Source of heading or term | Lemb |
| 700 1# - ADDED ENTRY--PERSONAL NAME | |
| Personal name | Granata de Egues, Gladys, ed. |
| 710 1# - ADDED ENTRY--CORPORATE NAME | |
| Corporate name or jurisdiction name as entry element | Universidad Nacional de Cuyo |
| Subordinate unit | Facultad de Filosofía y Letras |
| -- | Grupo de Estudios de la Crítica Literaria |
| 942 ## - ADDED ENTRY ELEMENTS (KOHA) | |
| Source of classification or shelving scheme | Biblioteca del Cogreso de los Estados Unidos |
| Koha item type | Libro |
| Estado de pérdida | Fuente de clasificación | Estado del daño | No para préstamo | Ubicación permanente | Ubicación actual | Apartado o colección | Fecha de adquisición | Área del conocimiento | Clasificación | Código de Barras | Date last seen | Número de copia | Tipo de recurso |
|---|---|---|---|---|---|---|---|---|---|---|---|---|---|
| Biblioteca del Cogreso de los Estados Unidos | Biblioteca del Instituto de Investigaciones Históricas | Biblioteca del Instituto de Investigaciones Históricas | General | 22/11/2018 | Educación y Humanidades | PQ6613.A763 S56 1999 | IIH000003961 | 22/11/2018 | C:1 | Libro |